1808 1460 1369 1340 1731 1229 1915 1740 1972 1526 1955 1337 1455 1052 1458 1325 1784 1343 1133 1888 1887 1156 1014 1423 1320 1776 1526 1189 1085 1412 1921 1810 1521 1857 1837 1519 1863 1525 1573 1863 1897 1168 1752 1403 1599 1381 1552 1224 1344 1728 1826 1904 1923 1565 1376 1388 1065 1696 1914 1655 1915 1033 1227 1539 1338 1751 1514 1852 1083 1933 1843 1733 1878 1725 1528 1304 1415 1908 1595 1212 1714 1096 1618 1666 1364 1161 1920 1115 1323 1588 1219 1293 1229 1277 1648 1758 1453 1591 1803 BCNSPRNW ULIB Ver.6.0+V

เปลี่ยนเป็นภาษาไทย

Change to English
 แสดงรายละเอียดบรรณานุกรม
  กลับหน้าหลัก

Brief Record : Get Marc (ISO 2709) : E-mail record : QR code < ปิดหน้าต่าง
LEADER : 00000nam 2200000uu 4500
001    13399112826
003     ULIB
008    110912s2546||||th 000 0 tha d
020    9749524780
050  4 LB2324^bส652ท 2546
100 0  กิตติชัย วัฒนานิกร
245 10 ท่องโลกคุณภาพ /^c[สรุปและเรียบเรียงโดย กิตติชัย วัฒนานิกร,พรทิพย์ กาญจนนิตยต]
250     พิมพ์ครั้งที่ 1
260    กรุงเทพฯ :^bสำนักมาตรฐานอุดมศึกษา สำนักงานปลัดทบวงมหาวิทยาลัย,^c2546
300    47 หน้า ;^bภาพประกอบ ;^c21 ซม.
650  4 การศึกษา^xการประเมิน^xมาตรฐาน
650  4 การศึกษาขั้นอุดมศึกษา^xมาตรฐาน
650  4 การศึกษาขั้นอุดมศึกษา^xการควบคุมคุณภาพ
650  4 ประกันคุณภาพ
650  4 ประกันคุณภาพการศึกษา
650  4 ประกันคุณภาพการศึกษาระดับอุดมศึกษา
700 0  พรทิพย์ กาญจนนิยต
710 2  ทบวงมหาวิทยาลัย. ^bสำนักงานปลัดทบวง
945    ^p0^l0^i015813
945    ^p0^l0^i015814
995    ทศพร
999 ^a ทศพร
รายการนี้ยังไม่มีแท็ก
คุณยังไม่ได้ล็อกอิน คุณสามารถมีกิจกรรมร่วมกับเว็บไซต์ได้ แต่ต้องล็อกอินก่อน ::
  ล็อกอิน

รายการสื่อสารสนเทศ

ลำดับที่ ประเภท เลขเรียก/บาร์โค้ด สถานที่ สถานะ
- ไม่พบข้อมูล -

รายการใกล้เคียง
    ผู้แต่ง [กิตติชัย วัฒนานิกร]

    หัวเรื่อง [ประกันคุณภาพ]
    หัวเรื่อง [ประกันคุณภาพการศึกษา]
    หัวเรื่อง [ประกันคุณภาพการศึกษาระดับอุดมศึกษา]

BibComment


ยังไม่เคยถูกคอมเมนท์

คอมเมนท์ทรัพยากรรายการนี้
  คอมเมนท์: ท่องโลกคุณภาพ สร..


 Copyright 2026. Bcnsprnw @Library